Employment, capital and productivity dynamics: evidence from the manufacturing sector in Uruguay/

Αποθηκεύτηκε σε:
Λεπτομέρειες βιβλιογραφικής εγγραφής
Κύριος συγγραφέας: Casacuberta, Carlos
Άλλοι συγγραφείς: Fachola, Gabriela, Gandelman, Néstor
Μορφή: Βιβλίο
Γλώσσα:English
Ετικέτες: Προσθήκη ετικέτας
Δεν υπάρχουν, Καταχωρήστε ετικέτα πρώτοι!

MARC

LEADER 00000nam a22000007a 4500
003 cru CIDCACS/IIS
005 20170914145853.0
007 ta
008 170914t2011 ja |||p|r|||| 00| 0 eng d
999 |c 40450  |d 40450 
040 |c cru CIDCACS/IIS 
100 1 |9 5624  |a Casacuberta, Carlos  
245 1 |a Employment, capital and productivity dynamics:  |b evidence from the manufacturing sector in Uruguay/  |c Carlos Casacuberta, Gabriela Fachola, Néstor Gandelman 
300 |a páginas 266-296:  |b tablas, gráficos 
700 1 |9 5625  |a Fachola, Gabriela 
700 1 |9 5626  |a Gandelman, Néstor  
773 0 |0 19189  |9 1333  |a Institute of Developing Economies  |d Tokio: IDE-JETRO  |o 15042  |t The Developing Economies /  |x 00121533 
942 |2 ddc  |c PP